Combien de ville des Hauts de Seine (92) connais-tu ? - Statistiques

Statistiques générales
  • Ce quiz a été pris 265 fois
  • Le résultat moyen est 20 sur 36
Statistiques - réponses
Code postal Ville % Correct
92000 Nanterre
92%
92104 Boulogne-Billancourt
83%
92700 Colombes
83%
92140 Clamart
78%
92800 Puteaux
73%
92400 Courbevoie
69%
92130 Issy-les-Moulineaux
69%
92160 Antony
68%
92230 Gennevilliers
68%
92309 Levallois-Perret
66%
92270 Bois-Colombes
65%
92521 Neuilly-sur-Seine
65%
92600 Asnières-sur-Seine
64%
92360 Meudon
64%
92110 Clichy
63%
92500 Rueil-Malmaison
63%
92150 Suresnes
59%
92211 Saint-Cloud
58%
92120 Montrouge
56%
92220 Bagneux
55%
92170 Vanves
54%
92251 La Garenne-Colombes
53%
92240 Malakoff
50%
92320 Châtillon
46%
92330 Sceaux
45%
92390 Villeneuve-la-Garenne
45%
92311 Sèvres
44%
92340 Bourg-la-Reine
41%
92380 Garches
41%
92290 Châtenay-Malabry
39%
92350 Le Plessis-Robinson
37%
92260 Fontenay-aux-Roses
34%
92370 Chaville
30%
92420 Vaucresson
30%
92410 Ville-d'Avray
30%
92430 Marnes-la-Coquette
29%
Aucun quiz correspondant
Distribution des résultats
% des personnes avec chaque résultat
Percentile par nombre de réponses
Votre historique - résultats
Vous n’avez pas pris ce quiz